Statistics for Names Shared by Automobiles and Sports Teams

Click here to take the quiz!

General Stats

  • This quiz has been taken 68 times
    (46 since last reset)
  • The average score is 5 of 14

Answer Stats

ModelCommon NameSports Team% Correct
Ford BroncoBroncoDenver Broncos
66%
Dodge RamRamLos Angeles Rams
63%
Dodge ChargerChargerSan Diego Chargers
49%
Ford RangerRangerNew York Rangers
46%
Ford RangerRangerTexas Rangers
46%
Dodge ColtColtIndianapolis Colts
40%
Chevrolet AvalancheAvalancheColorado Avalanche
29%
Mitsubishi RaiderRaiderOakland Raiders
29%
Nissan TitanTitanTennessee Titans
29%
Chevrolet TrailBlazerTrail BlazerPortland Trail Blazers
26%
Chevrolet AstroAstroHouston Astros
20%
Jeep PatriotPatriotNew England Patriots
20%
Chevrolet CavalierCavalierCleveland Cavaliers
14%
Mercury MarinerMarinerSeattle Mariners
9%

Score Distribution

Percentile by Number Answered

Percent of People with Each Score

Your Score History

You have not taken this quiz since the last reset